000 00435nam a2200169Ia 4500
001 29333
003 IN-NITTTR
005 20251114233400.0
008 251113s9999||||xx |||||||||||||| ||eng||
040 _beng
040 _cIN-NITTTR
041 _aeng
082 _a371.94 M52A
100 _aMenon, Latika
245 0 _aAutism spectrum disorders(ASD) :
_b diagnosis, treatments and support groups /
_cMenon, Latika
942 _2ddc
_cBK
999 _c31961
_d31961